000 00510nam a2200169 i 4500
001 50630
003 ES-MaACL
005 20230906162218.0
007 t|
008 030805s1973 sp ||||1| spa d
100 1 _aChadwick, G.F.
_937776
245 1 0 _aUna visión sistemática del planeamiento /
_cG. F. Chadwick ; [versión Fernando Aragón].
260 _aBarcelona :
_bGustavo Gili,
_c[1973]
300 _a360 p. ;
_c24 cm.
700 1 _aAragón, Fernando.
_922174
852 _aES-MaACL
_jC-54651
_bR.87102
999 _c50630
_d50630